[Event "AUTO-OPEN-88"]
[Site "http://www.queenalice.com/game.php?id=14500"]
[Date "2005.5.28"]
[Round "1"]
[White "mett"]
[Black "ghostpsychlops"]
[Result "1-0"]
[WhiteElo "1705"]
[BlackElo "1401"]

1. e4 e5 2. Nf3 Nc6 3. Bb5 a6 4. Ba4 b5 5. Bb3 Nf6 6. d3 Be7 7. O-O O-O 8. c3 d6
9. h3 a5 10. a3 a4 11. Bc2 Bb7 12. Nbd2 h6 13. Re1 Qd7 14. Nf1 Rfd8 15. Ng3 1-0

[Event "AUTO-OPEN-88"]
[Site "http://www.queenalice.com/game.php?id=14501"]
[Date "2005.5.28"]
[Round "1"]
[White "ghostpsychlops"]
[Black "mett"]
[Result "0-1"]
[WhiteElo "1397"]
[BlackElo "1709"]

1. e4 e6 2. Qe2 b6 3. Nf3 Bb7 4. Nc3 Ne7 5. d4 g6 6. Bf4 Bg7 7. O-O-O O-O 8. Qe3
f5 9. e5 Nd5 10. Nxd5 Bxd5 11. Kb1 Nc6 12. Be2 Qe7 13. c3 a5 14. Bg5 Qf7 0-1

[Event "AUTO-ADV-44"]
[Site "http://www.queenalice.com/game.php?id=14612"]
[Date "2005.5.29"]
[Round "1"]
[White "diego2907"]
[Black "ghostpsychlops"]
[Result "1-0"]
[WhiteElo "1558"]
[BlackElo "1523"]

1. e4 c5 2. Bc4 e6 3. a3 Nc6 4. d3 d6 5. Nf3 Nf6 6. Bb5 Bd7 7. Bg5 Be7 8. Nc3
O-O 9. Qd2 a6 10. Bc4 b5 11. Ba2 Ne5 12. Nxe5 dxe5 13. Bxf6 Bxf6 14. g3 Bg5 15.
Qe2 b4 16. axb4 cxb4 17. Nd1 a5 18. Bc4 Qc7 19. c3 bxc3 20. Nxc3 Qb6 21. O-O Qd4
22. h4 Be7 23. Qd2 1-0

[Event "AUTO-ADV-44"]
[Site "http://www.queenalice.com/game.php?id=14613"]
[Date "2005.5.29"]
[Round "1"]
[White "ghostpsychlops"]
[Black "diego2907"]
[Result "0-1"]
[WhiteElo "1508"]
[BlackElo "1573"]

1. e4 e5 2. f4 exf4 3. Bc4 Qh4+ 4. Kf1 Bc5 5. d4 Bb6 6. Nf3 Qf6 7. Nc3 d6 8. Qd3
Bg4 9. Nd5 Qd8 10. Bxf4 Nf6 11. Nxf6+ Qxf6 12. Qe3 Nc6 13. c3 O-O-O 14. Rd1 h6
15. Bg3 Rhe8 16. Bd3 Bxf3 17. gxf3 g5 18. h4 g4 19. f4 h5 20. Kg2 Qe6 21. Qd2
Qxa2 22. Ra1 Qb3 23. Ra3 Qe6 24. d5 Qd7 25. dxc6 Qxc6 26. Re1 Bc5 27. Raa1 d5
28. Qe2 Rd7 0-1

[Event "AUTO-ADV-44"]
[Site "http://www.queenalice.com/game.php?id=14628"]
[Date "2005.5.29"]
[Round "1"]
[White "ghostpsychlops"]
[Black "marison"]
[Result "0-1"]
[WhiteElo "1678"]
[BlackElo "1493"]

1. e4 e5 2. Bc4 Nf6 3. Qe2 Bc5 4. Nc3 d5 5. exd5 Bd4 6. Nf3 Bg4 7. O-O O-O 8.
Qd3 c6 9. Nxd4 exd4 10. Qxd4 Be6 11. d6 Bxc4 12. Qxc4 Qxd6 13. d3 Nbd7 14. Bf4
Qe7 15. Rae1 Qd8 16. Ne4 h6 17. Nd6 Nb6 18. Qb3 Nfd5 19. Bg3 Qd7 20. c4 Nf6 21.
c5 Nbd5 22. Nxb7 Rfb8 23. Bxb8 Rxb8 24. d4 Rxb7 25. Qc2 Qg4 0-1

[Event "AUTO-ADV-44"]
[Site "http://www.queenalice.com/game.php?id=14629"]
[Date "2005.5.29"]
[Round "1"]
[White "marison"]
[Black "ghostpsychlops"]
[Result "0-1"]
[WhiteElo "1475"]
[BlackElo "1670"]

1. e4 e5 2. Nc3 Nc6 3. Nf3 Nf6 4. Bb5 Bb4 5. Qe2 Bxc3 6. dxc3 O-O 7. Bxc6 dxc6
8. Nxe5 Qe7 9. Bf4 Re8 10. O-O-O Be6 11. a3 Rad8 12. c4 Nd7 13. Nxd7 Rxd7 14.
Rxd7 Qxd7 15. e5 Qd4 16. c3 Qxf4+ 17. Kb1 Bf5+ 18. Ka1 Qxe5 19. Qd2 Qe2 20. Qxe2
Rxe2 21. Rd1 h6 22. Rd7 Bxd7 0-1

[Event "AUTO-OPEN-92"]
[Site "http://www.queenalice.com/game.php?id=15781"]
[Date "2005.6.10"]
[Round "1"]
[White "Constante"]
[Black "ghostpsychlops"]
[Result "1-0"]
[WhiteElo "1766"]
[BlackElo "1530"]

1. e4 e5 2. Nf3 Nc6 3. Bc4 Bc5 4. d3 Nf6 5. Bg5 d6 6. Nc3 O-O 7. Bxf6 Qxf6 8.
Nd5 Qg6 9. Nh4 Qg5 10. g3 Nd4 11. c3 Nc6 12. Nxc7 Rb8 13. O-O Bb6 14. Nb5 Qe7
15. Qf3 a6 16. Na3 1-0

[Event "AUTO-OPEN-92"]
[Site "http://www.queenalice.com/game.php?id=15782"]
[Date "2005.6.10"]
[Round "1"]
[White "ghostpsychlops"]
[Black "Constante"]
[Result "0-1"]
[WhiteElo "1563"]
[BlackElo "1758"]

1. e4 e5 2. f4 Nc6 3. Nf3 d6 4. Bb5 Bd7 5. Bxc6 Bxc6 6. Nc3 exf4 7. O-O Nf6 8.
d3 Be7 9. Bxf4 h6 10. e5 Bxf3 11. Qxf3 dxe5 12. Bxe5 c6 13. Bxf6 Bxf6 14. Rae1+
Kf8 15. Ne4 Kg8 16. Nxf6+ Qxf6 17. Qxf6 gxf6 18. Rxf6 Kg7 19. Rd6 c5 0-1